Suy rộng định lí của Pant cho không gian S-Mêtric Khóa luận tốt nghiệp : Ngành Sư phạm Toán : Trình độ : Đại học

Sparad:
Bibliografiska uppgifter
Huvudupphovsman: Nguyễn, Hiếu Nhi
Övriga upphovsmän: Nguyễn, Văn Dũng (hướng dẫn)
Materialtyp: Lärdomsprov Materialpaket Bok
Språk:Vietnamese
Publicerad: Đồng Tháp Trường Đại học Đồng Tháp 2013
Ämnen:
Taggar: Lägg till en tagg
Inga taggar, Lägg till första taggen!
Thư viện lưu trữ: Trung tâm Học liệu Lê Vũ Hùng, Trường Đại học Đồng Tháp
LEADER 01188ppm a22003138a 4500
001 00031577
005 20171026081025.0
008 131226s2013 ||||||viesd
041 0 # |a vie 
082 1 4 |b S523R  |a 515 
100 1 # |a Nguyễn, Hiếu Nhi 
245 1 0 |a Suy rộng định lí của Pant cho không gian S-Mêtric  |b Khóa luận tốt nghiệp : Ngành Sư phạm Toán : Trình độ : Đại học  |c Nguyễn Hiếu Nhi; Nguyễn Văn Dũng (hướng dẫn) 
260 # # |b Trường Đại học Đồng Tháp  |c 2013  |a Đồng Tháp 
300 # # |a 39 tr.  |c 27 cm.  |e 1 bản tóm tắt 
500 # # |a ĐTTTS ghi: Bộ Giáo dục và Đào tạo Đồng Tháp. Trường Đại học Đồng Tháp 
653 # # |a Khóa luận 
653 # # |a Không gian S-Mêtric 
653 # # |a Pant 
653 # # |a Định lý 
700 1 # |a Nguyễn, Văn Dũng  |e hướng dẫn 
852 # # |b Kho đọc  |j KD.0015214 
852 # # |j KD.0015214 
910 # # |d 26/12/2013 
980 # # |a Trung tâm Học liệu Lê Vũ Hùng, Trường Đại học Đồng Tháp